<?xml version="1.0" encoding="UTF-8"?>
<record
    xmlns:xsi="http://www.w3.org/2001/XMLSchema-instance"
    xsi:schemaLocation="http://www.loc.gov/MARC21/slim http://www.loc.gov/standards/marcxml/schema/MARC21slim.xsd"
    xmlns="http://www.loc.gov/MARC21/slim">

  <leader>02773nam a22002777a 4500</leader>
  <controlfield tag="003">OSt</controlfield>
  <controlfield tag="005">20260514174011.0</controlfield>
  <controlfield tag="008">260121b        |||||||| |||| 00| 0 eng d</controlfield>
  <datafield tag="022" ind1=" " ind2=" ">
    <subfield code="a">0047-2506</subfield>
  </datafield>
  <datafield tag="022" ind1=" " ind2=" ">
    <subfield code="a">1478-6990</subfield>
  </datafield>
  <datafield tag="040" ind1=" " ind2=" ">
    <subfield code="a">TBS</subfield>
    <subfield code="b">EN</subfield>
    <subfield code="c">TBS</subfield>
  </datafield>
  <datafield tag="041" ind1=" " ind2=" ">
    <subfield code="a">eng</subfield>
  </datafield>
  <datafield tag="100" ind1=" " ind2=" ">
    <subfield code="a">London, Ted</subfield>
    <subfield code="9">27070</subfield>
    <subfield code="e">author</subfield>
  </datafield>
  <datafield tag="245" ind1=" " ind2=" ">
    <subfield code="a">Reinventing strategies for emerging markets</subfield>
    <subfield code="b">: beyond the transnational model</subfield>
    <subfield code="c">/ Ted London, T., Stuart L. Hart.</subfield>
  </datafield>
  <datafield tag="260" ind1=" " ind2=" ">
    <subfield code="b">Journal of International Business Studies,</subfield>
    <subfield code="c">2004.</subfield>
  </datafield>
  <datafield tag="300" ind1=" " ind2=" ">
    <subfield code="a">350-370 pages.</subfield>
  </datafield>
  <datafield tag="362" ind1=" " ind2=" ">
    <subfield code="a">Journal of international business studies, 2004-09, Vol.35 (5), p.350-370</subfield>
  </datafield>
  <datafield tag="520" ind1=" " ind2=" ">
    <subfield code="a">With established markets becoming saturated, multinational corporations (MNCs) have turned increasingly to emerging markets (EMs) in the developing world. Such EM strategies have been targeted almost exclusively at the wealthy elite at the top of the economic pyramid. Recently, however, a number of MNCs have launched new initiatives that explore the untapped market potential at the base of the economic pyramid, the largest and fastest-growing segment of the world's population. Reaching the four billion people in these markets poses both tremendous opportunities and unique challenges to MNCs, as conventional wisdom about MNC global capabilities and subsidiary strategy in EMs may not be appropriate. How MNCs can successfully enter these low-income markets has not been effectively addressed in the literatures on global and EM strategies. An exploratory analysis, involving interviews with MNC managers, original case studies, and archival material, indicates that the transnational model of national responsiveness, global efficiency and worldwide learning may not be sufficient. Results suggest that the success of initiatives targeting low-income markets is enhanced by recognizing that Western-style patterns of economic development may not occur in these business environments. Business strategies that rely on leveraging the strengths of the existing market environment outperform those that focus on overcoming weaknesses. These strategies include developing relationships with non-traditional partners, co-inventing custom solutions, and building local capacity. Together, these successful strategies suggest the importance of MNCs developing a global capability in social embeddedness.</subfield>
  </datafield>
  <datafield tag="630" ind1=" " ind2="0">
    <subfield code="a">MSc International Business</subfield>
    <subfield code="9">26977</subfield>
  </datafield>
  <datafield tag="650" ind1=" " ind2="0">
    <subfield code="a">Emerging Markets/Globalization</subfield>
    <subfield code="9">27045</subfield>
  </datafield>
  <datafield tag="650" ind1=" " ind2="0">
    <subfield code="a">Development economics</subfield>
    <subfield code="9">26862</subfield>
  </datafield>
  <datafield tag="650" ind1=" " ind2="0">
    <subfield code="a">Organizational effectiveness</subfield>
    <subfield code="9">2451</subfield>
  </datafield>
  <datafield tag="700" ind1=" " ind2=" ">
    <subfield code="a">Hart, Stuart L.</subfield>
    <subfield code="9">27071</subfield>
    <subfield code="e">author</subfield>
  </datafield>
  <datafield tag="856" ind1=" " ind2=" ">
    <subfield code="u">https://www-jstor-org.hub.tbs-education.fr/stable/pdf/3557170.pdf?refreqid=fastly-default%3A1aa1c887d88118adee9201261194a3e7&amp;ab_segments=&amp;initiator=&amp;acceptTC=1</subfield>
  </datafield>
  <datafield tag="942" ind1=" " ind2=" ">
    <subfield code="2">lcc</subfield>
  </datafield>
  <datafield tag="952" ind1=" " ind2=" ">
    <subfield code="0">0</subfield>
    <subfield code="1">0</subfield>
    <subfield code="2">lcc</subfield>
    <subfield code="4">0</subfield>
    <subfield code="7">0</subfield>
    <subfield code="8">CT</subfield>
    <subfield code="a">TBS</subfield>
    <subfield code="b">TBS</subfield>
    <subfield code="d">2026-05-14</subfield>
    <subfield code="l">0</subfield>
    <subfield code="p">5222</subfield>
    <subfield code="r">2026-05-14</subfield>
    <subfield code="u">https://www-jstor-org.hub.tbs-education.fr/stable/pdf/3557170.pdf?refreqid=fastly-default%3A1aa1c887d88118adee9201261194a3e7&amp;ab_segments=&amp;initiator=&amp;acceptTC=1</subfield>
    <subfield code="w">2026-05-14</subfield>
    <subfield code="y">ARTICLE</subfield>
  </datafield>
  <datafield tag="999" ind1=" " ind2=" ">
    <subfield code="c">5222</subfield>
    <subfield code="d">5222</subfield>
  </datafield>
</record>
